Znane modele pojazdów marki Volkswagen - Statystyki

Ogólne statystyki
  • Ten quiz został rozwiązany 523 razy
  • Średni wynik to 16 z 42
Statystyki odpowiedzi
Odpowiedź % Poprawnych
Gol
97%
Passat
94%
Golf
88%
Golf Plus
88%
Polo
83%
Tiguan
67%
Transporter
62%
Beetle
60%
Touran
58%
Jetta
54%
Bora
52%
Caddy
49%
Arteon
48%
Touareg
45%
Up!
45%
Sharan
41%
T-Roc
41%
Amarok
38%
Lupo
38%
Crafter
33%
Phaeton
33%
Fox
32%
Scirocco
31%
T-Cross
28%
Multivan
26%
Vento
26%
ID.3
25%
ID.4
25%
Passat CC
25%
ID.5
24%
Caravelle
23%
Corrado
20%
New Beetle
20%
Eos
17%
ID Buzz
15%
Taigo
13%
Santana
11%
Derby
9%
Rabbit
6%
K70
3%
Parati
3%
Saveiro
2%
Nie znaleziono quizów pasujących do podanych kryteriów
Rozkład punktacji
Procent ludzi z każdym wynikiem
Percentyl według liczby udzielonych odpowiedzi
Twoja historia wyników
Nie rozwiązałeś tego quizu